000
00352nam a2200169Ia 4500
100
_a
Saluja/Madan
650
_a
Philosophy
942
_c
BK
366
_f
25
654
_a
lighthouse
245
_a
Be a lighthouse
260
_b
Better Yourself Books
_a
Bandra
_c
2005
082
_a
170/SAL
_b
SAL
300
_a
220
546
_a
ENGLISH
999
_c
19535
_d
19535